000 00275pam a2200121 a 4500
020 _c
041 _h
082 _a708
_bCHA
245 _aJayashree Chakravarty
_hTextual Documents
260 _a[s.l]:
_bVadhera Art Gallery , Delhi
300 _a38:
_bpaper.
930 _a7000
999 _c240790
_d240790